| 000 | 00408 a2200121 4500 | ||
|---|---|---|---|
| 001 | ART_41046 | ||
| 005 | 20260410162017.0 | ||
| 008 | 260409a | ||
| 245 | 1 | 0 | _aRégimen legal de las compensaciones económicas |
| 100 | 1 | _aBerbere Delgado, Jorge C. | |
| 700 | 1 | _aMerlo, Leandro M. | |
| 773 | 0 |
_tTemas de derecho de familia, sucesiones y bioética _g- Año 1, Nº 11 (nov. 2016) _wREV41029 |
|
| 999 |
_c32782 _d32782 |
||